Portugese players in European Big Five (2000-) - Statistics

General Stats
  • This quiz has been taken 80 times
  • The average score is 105 of 280
Answer Stats
Ranking Player Positions Nationality Matches Goals (assists) Periods Clubs % Correct
3 Bernardo Silva MF, FW 367 67 (58) 2014-2025
100%
1 Cristiano Ronaldo MF, FW 626 495 (135) 2003-2023
100%
87 Adrien Silva MF 92 1 (5) 2017-2022
99%
25 André Silva FW 207 71 (19) 2017-2025
99%
97 Fábio Silva MF, FW 86 14 (6) 2020-2021, 2023-2025
99%
166 Jota Silva MF, FW 31 3 (1) 2024-2025
99%
270 João Silva MF, FW 1 0 (0) 2014-2015
97%
178 Mário Silva DF 27 0 (2) 2000-2001, 2005-2006
97%
44 Rui Silva GK 158 0 (0) 2019-2025
97%
280 Xande Silva MF, FW 1 0 (0) 2018-2019
97%
7 Bruno Fernandes MF, FW 314 77 (64) 2013-2016, 2019-2025
94%
18 Pepe DF, MF 229 13 (8) 2007-2017
94%
234 Gedson Fernandes DF, MF, FW 7 0 (0) 2019-2020
93%
56 José Sá GK 137 0 (2) 2021-2025
93%
93 Manuel Fernandes MF 87 4 (6) 2006-2011
93%
162 Daniel Fernandes GK 32 0 (0) 2008-2010
91%
233 Daniel Heuer Fernandes GK 7 0 (0) 2016-2017
91%
153 Mateus Fernandes MF 36 2 (4) 2024-2025
91%
236 Orlando Sá FW 7 1 (0) 2011-2012
91%
11 João Cancelo DF, MF 270 12 (32) 2014-2024
90%
6 João Moutinho MF 333 14 (44) 2013-2023
87%
246 João Moutinho DF, FW 4 0 (0) 2022-2023
87%
8 Raphaël Guerreiro DF, MF 307 47 (47) 2013-2025
87%
33 Rúben Neves MF 177 21 (9) 2018-2023
87%
42 Diogo Dalot DF 160 4 (11) 2018-2025
86%
28 Diogo Jota MF, FW 190 63 (20) 2018-2025
86%
141 Fabio Carvalho MF, FW 45 5 (1) 2020-2021, 2022-2025
86%
171 João Neves DF, MF, FW 29 3 (8) 2024-2025
86%
10 Ricardo Carvalho DF 280 12 (9) 2004-2016
86%
36 William Carvalho MF 172 8 (12) 2018-2025
86%
2 Anthony Lopes GK 396 0 (0) 2012-2025
84%
151 Eduardo Carvalho GK 37 0 (0) 2010-2011
84%
39 João Félix MF, FW 169 39 (17) 2019-2025
84%
181 Jota MF, FW 26 2 (0) 2020-2021, 2024-2025
84%
253 Matis Carvalho GK 3 0 (0) 2019-2020, 2022-2023
84%
24 Rui Patrício GK 211 0 (0) 2018-2025
84%
15 André Gomes MF 255 14 (11) 2014-2025
83%
45 Deco MF 156 18 (36) 2004-2010
83%
213 Hélder Lopes DF, MF 15 0 (1) 2016-2017
83%
12 Luís Figo MF, FW 269 45 (76) 2000-2009
83%
143 Miguel Lopes DF 45 0 (2) 2013-2014, 2015-2016
83%
132 Nuno Gomes FW 53 14 (6) 2000-2002
83%
29 Rony Lopes MF, FW 190 36 (21) 2014-2020, 2022-2023
83%
95 Toti Gomes DF 87 2 (4) 2021-2025
83%
121 João Pereira DF, MF 60 0 (6) 2012-2015
81%
41 Ricardo Pereira DF, FW 162 9 (21) 2015-2016, 2018-2022, 2024-2025
81%
184 Rodrigo Gomes DF, MF, FW 25 2 (0) 2024-2025
81%
176 Tiago Gomes MF 28 2 (1) 2010-2011
81%
71 Danilo Pereira DF, MF, FW 114 9 (1) 2011-2012, 2020-2024
80%
272 Joel Castro Pereira GK 1 0 (0) 2016-2017
80%
100 Nuno Mendes DF 80 3 (11) 2021-2025
80%
235 Nuno Mendes DF, MF 7 0 (0) 2000-2001
80%
62 Pedro Pereira DF, FW 125 1 (9) 2017-2018, 2020-2021, 2023-2025
80%
194 Pedro Pereira FW 21 0 (1) 2015-2017
80%
50 Renato Sanches MF, FW 144 10 (10) 2016-2024
80%
48 Rui Costa MF 151 10 (30) 2000-2006
80%
185 Jorge Costa DF 24 0 (0) 2001-2002
79%
26 Nani MF, FW 200 33 (53) 2007-2014, 2016-2017, 2021-2022
79%
47 Ricardo Costa DF 153 15 (1) 2007-2013, 2015-2016
79%
51 Rúben Dias DF, MF 144 3 (4) 2020-2025
79%
9 Tiago Mendes MF 307 30 (23) 2004-2017
79%
226 Alberto costa DF 9 0 (1) 2024-2025
77%
78 David Costa MF, FW 107 9 (11) 2020-2025
77%
17 Nélson Semedo DF, MF 247 3 (10) 2017-2025
77%
149 Paulo Costa MF 39 1 (1) 2000-2001, 2003-2004
77%
31 Pedro Mendes DF 182 5 (1) 2013-2023
77%
92 Pedro Mendes MF 88 6 (8) 2004-2008
77%
214 Rúben Semedo DF, MF 15 0 (0) 2017-2019
77%
81 Samu Costa MF 98 2 (5) 2022-2025
77%
73 Vitinha MF 112 14 (9) 2020-2021, 2022-2025
77%
116 Vitinha MF, FW 66 9 (5) 2022-2025
77%
120 Gil Bastião Dias DF, MF, FW 61 3 (4) 2017-2018, 2019-2020, 2022-2023
76%
98 João Palhinha MF 85 7 (1) 2022-2025
76%
252 José Semedo DF, MF 3 0 (0) 2006-2007
76%
20 Rafael Leão MF, FW 222 63 (45) 2018-2025
76%
240 Vivaldo Semedo MF, FW 6 0 (0) 2022-2024
76%
49 Pedro Neto MF, FW 150 15 (25) 2018-2025
74%
4 José Fonte DF 344 15 (7) 2012-2023
71%
202 Luís Neto DF 20 1 (0) 2012-2013
71%
244 Eduardo Quaresma DF 4 0 (0) 2022-2023
70%
135 Ricardo Quaresma MF, FW 50 1 (3) 2003-2004, 2008-2010
70%
125 Rui Fonte MF, FW 58 2 (1) 2010-2012, 2018-2019
70%
108 Fábio Coentrão DF, FW 73 4 (7) 2011-2017
69%
16 Mário Rui DF, MF 248 3 (26) 2014-2024
69%
101 Matheus Nunes DF, MF 79 2 (9) 2022-2025
66%
21 José Nunes DF 221 12 (2) 2005-2013
64%
37 Cédric Soares DF, MF 171 3 (14) 2015-2024
63%
103 João Mário MF, FW 77 6 (9) 2016-2019
61%
23 Gonçalo Guedes MF, FW 213 34 (33) 2016-2025
60%
183 Rafa Soares DF 25 0 (1) 2019-2021
60%
115 Raul Meireles MF 66 7 (9) 2010-2013
60%
133 Gonçalo Ramos MF, FW 51 21 (4) 2023-2025
59%
52 Paulo Ferreira DF 141 0 (4) 2004-2013
59%
192 André Ferreira GK 21 0 (0) 2023-2025
57%
67 Bruno Alves DF 121 6 (1) 2016-2017, 2018-2021
57%
211 Flávio Ferreira DF, MF 16 0 (0) 2013-2014
57%
250 Francisco Reis Ferreira DF 3 0 (0) 2020-2021
57%
155 João Ferreira DF, MF 35 0 (1) 2023-2024
57%
159 Fabio Vieira MF, FW 33 2 (4) 2022-2024
56%
217 Guilherme Ramos DF 13 0 (0) 2021-2022
56%
105 Marco Ramos DF 75 0 (0) 2003-2004, 2006-2007, 2009-2011
56%
13 Pauleta FW 264 141 (21) 2000-2008
56%
72 José Bosingwa DF 112 3 (7) 2008-2013
54%
130 Francisco Trincão MF, FW 56 5 (3) 2020-2022
53%
79 Maniche MF 106 10 (6) 2005-2010
53%
180 Francisco Conceição MF, FW 26 3 (3) 2024-2025
47%
109 Sérgio Conceição MF 73 6 (12) 2000-2004
47%
57 Hugo Almeida FW 134 42 (10) 2006-2010, 2014-2016
46%
96 Domingos André Ribeiro Almeida MF, FW 86 4 (9) 2022-2025
44%
111 Beto GK 69 0 (0) 2012-2016
43%
129 Beto DF, MF 56 4 (2) 2005-2009
43%
232 Dani MF, FW 8 0 (0) 2002-2003
40%
74 Gelson Martins DF, MF, FW 111 15 (8) 2018-2023
40%
99 Nuno Tavares DF, MF 84 7 (9) 2021-2025
40%
119 Carlos Martins MF 61 9 (12) 2007-2008, 2011-2012
39%
126 Éder FW 57 12 (9) 2015-2017
39%
245 Heriberto Tavares MF, FW 4 0 (0) 2020-2021
39%
262 Sidnei Tavares MF 2 0 (0) 2020-2021
39%
257 Tomás Tavares DF 3 0 (0) 2020-2021
39%
242 Luís Martins DF 5 0 (0) 2014-2015, 2016-2017
37%
215 André Santos MF 13 0 (0) 2012-2013
33%
160 Renato Veiga DF, MF 33 0 (1) 2022-2023, 2024-2025
33%
154 Tiago Santos DF 36 1 (2) 2023-2025
33%
216 Danilo Veiga DF, MF 13 0 (0) 2024-2025
31%
54 Hélder Postiga FW 139 31 (6) 2003-2004, 2005-2006, 2011-2015
31%
63 Vieirinha DF, FW 125 4 (16) 2011-2017
31%
106 Bruma MF, FW 74 7 (4) 2015-2016, 2017-2019
30%
136 Costinha MF 49 0 (0) 2000-2001, 2006-2008
30%
85 Daniel Podence MF, FW 93 12 (5) 2019-2022, 2024-2025
30%
22 Miguel Veloso MF 214 8 (17) 2010-2011, 2016-2023
30%
164 Florentino Luís MF 31 0 (1) 2020-2022
27%
94 Petit MF 87 5 (5) 2008-2011
27%
139 Ricardo GK 48 0 (0) 2007-2009
27%
102 Tiago Djaló DF 79 3 (1) 2019-2024
27%
210 Yannick Djaló MF, FW 17 0 (0) 2012-2013
27%
187 Claude Gonçalves MF 23 0 (0) 2013-2014
26%
75 Gonçalo Paciência MF, FW 111 19 (6) 2018-2024
26%
224 Ivo Pinto DF 10 0 (0) 2015-2016
26%
225 Jorge Gonçalves MF, FW 10 0 (0) 2008-2009
26%
82 Roberto Pinto MF 96 4 (4) 2000-2006
26%
19 Sérgio Pinto MF, FW 228 21 (15) 2002-2003, 2006-2014
26%
277 Tiago Pinto DF 1 0 (0) 2012-2013
26%
90 Diogo Leite DF 90 1 (3) 2022-2025
24%
156 Nuno GK 35 0 (0) 2000-2002
24%
61 Rolando DF 126 10 (0) 2012-2013, 2015-2019
24%
30 Fernando Meira DF, MF 185 11 (4) 2001-2007, 2011-2012
23%
165 João Tomás FW 31 7 (0) 2001-2003
23%
80 Tiago Tomás MF, FW 99 14 (5) 2021-2025
23%
86 Kévin Rodrigues DF, MF, FW 93 3 (5) 2011-2012, 2016-2022
21%
14 Luís Boa Morte MF, FW 257 28 (34) 2001-2011
21%
268 Félix Correia MF, FW 1 0 (0) 2020-2021
20%
64 Ivan Cavaleiro MF, FW 124 11 (5) 2014-2016, 2018-2019, 2020-2021, 2023-2024
20%
204 Marcel Correia DF 19 0 (1) 2013-2014
20%
110 Nélson Oliveira FW 70 13 (1) 2012-2015
20%
203 Sérgio Oliveira MF 20 2 (0) 2016-2017, 2021-2022
20%
27 Simão Sabrosa MF 198 25 (32) 2000-2001, 2007-2010, 2012-2014
20%
69 Thierry Correia DF 121 1 (4) 2019-2025
20%
238 Filipe Oliveira DF, MF 6 0 (0) 2002-2004, 2010-2011
19%
76 Paulo Oliveira DF 111 1 (1) 2017-2021
19%
229 Paulo Sousa MF 9 0 (0) 2001-2002
19%
5 Duda DF, FW 343 34 (54) 2001-2002, 2003-2017
17%
198 Dyego Sousa MF, FW 20 0 (1) 2022-2023
17%
112 Luís Maximiano GK 69 0 (0) 2021-2024
17%
144 Nuno Valente DF 45 0 (1) 2005-2009
17%
206 Ricardo Sousa MF 18 1 (1) 2004-2006
17%
84 Ricardo Vaz Tê MF, FW 94 8 (8) 2003-2008, 2012-2015
17%
35 Eliseu DF, MF 175 18 (16) 2008-2014
16%
38 Fernando Couto DF 170 8 (1) 2000-2008
16%
241 Jorge Ribeiro DF, MF 5 0 (0) 2005-2006
16%
138 Ricardo Horta MF, FW 48 1 (1) 2014-2016
16%
248 Rodrigo Ribeiro MF, FW 4 0 (0) 2023-2024
16%
278 Tiago Ribeiro MF, FW 1 0 (0) 2021-2022
16%
53 Vitorino Antunes DF, MF 140 2 (8) 2007-2008, 2012-2014, 2017-2020
16%
70 Daniel Carriço DF, MF 114 5 (2) 2012-2020
14%
107 Pizzi MF, FW 74 12 (4) 2011-2014
14%
118 Abel Xavier DF 63 2 (3) 2000-2007
13%
46 Domingos Duarte DF 154 6 (3) 2019-2025
13%
199 Henrique Hilário GK 20 0 (0) 2006-2009, 2011-2012
13%
137 Rúben Vinagre DF, MF, FW 49 0 (0) 2018-2020, 2022-2024
13%
267 Bruno Andrade MF, FW 1 0 (0) 2011-2012
11%
148 Diego Moreira DF, MF, FW 39 2 (7) 2023-2025
11%
188 João Paulo DF, MF 23 0 (1) 2009-2010
11%
60 Jorge Andrade DF 127 2 (3) 2002-2008
11%
140 Silvestre Varela MF, FW 48 4 (1) 2007-2008, 2014-2015
11%
190 Youssef Chermiti MF, FW 22 0 (0) 2023-2025
11%
104 Aurélio Buta DF, MF 75 4 (4) 2022-2025
10%
83 Dany Mota MF, FW 94 14 (6) 2022-2025
10%
261 Leonardo Buta DF 2 0 (0) 2022-2023
10%
254 Miguel Filipe Nunes Cardoso MF, FW 3 0 (1) 2015-2016
10%
264 Tiago Gabriel DF 2 0 (0) 2024-2025
10%
55 Xeka MF 139 9 (7) 2016-2023
10%
265 Alejandro Rodriguez MF 1 0 (0) 2024-2025
9%
208 Chiquinho DF, MF, FW 17 0 (3) 2021-2022, 2024-2025
9%
142 Hélder DF 45 1 (1) 2000-2001, 2004-2005
9%
271 João Virgínia GK 1 0 (0) 2020-2021
9%
220 Paulo Sérgio MF 11 0 (0) 2001-2003
9%
145 André Castro MF 44 4 (2) 2010-2012
7%
175 Hélder Barbosa MF, FW 28 1 (0) 2013-2014
7%
88 Hugo Viana MF 91 6 (8) 2002-2003, 2005-2008
7%
58 Marco Caneira DF 133 1 (0) 2000-2001, 2002-2005, 2007-2008
7%
263 Tiago Dantas MF 2 0 (0) 2020-2021
7%
40 Zé Castro DF 168 5 (4) 2006-2010, 2012-2016
7%
191 Alex DF, MF 21 0 (1) 2005-2007
6%
68 Bruno Basto DF 121 0 (3) 2000-2006
6%
177 Dario Essugo MF 27 1 (0) 2024-2025
6%
163 Domingos Quina MF, FW 32 3 (0) 2018-2020, 2022-2024
6%
174 Filipe Teixeira MF 28 0 (2) 2002-2003, 2004-2005, 2008-2009
6%
260 João Carlos Teixeira MF, FW 2 0 (0) 2013-2014, 2015-2016
6%
228 Jorge Teixeira DF 9 0 (0) 2012-2013
6%
89 José Luís Vidigal MF 91 5 (2) 2000-2001, 2004-2008
6%
117 Zé António DF 64 3 (0) 2005-2007
6%
266 Alexis Araujo MF 1 0 (0) 2015-2016
4%
114 Bruno Gama MF, FW 66 6 (6) 2012-2013, 2016-2018
4%
169 Cafú MF 29 0 (2) 2016-2017, 2022-2023
4%
222 Carlos Forbs MF, FW 10 0 (0) 2024-2025
4%
59 Edgar Pacheco FW 131 9 (7) 2000-2006
4%
34 Miguel Monteiro DF 176 3 (5) 2005-2012
4%
77 Nélson Marcos DF 110 3 (1) 2008-2009, 2010-2014
4%
65 Paulo Machado MF 124 15 (6) 2008-2012
4%
186 Ricardo Rocha DF 24 0 (0) 2006-2007, 2009-2010
4%
32 Rúben Vezo DF 180 5 (2) 2013-2022
4%
168 Bino MF 29 2 (1) 2001-2002
3%
243 Bruno Jordão DF, MF 4 0 (0) 2018-2020
3%
146 Gonçalo Brandão DF 43 0 (1) 2008-2009, 2011-2012
3%
251 Jordão MF 3 0 (0) 2002-2003
3%
124 José Dominguez MF 58 5 (6) 2000-2004
3%
43 Mathias Pereira Lage DF, MF, FW 160 16 (16) 2019-2025
3%
247 Nuno Morais DF, MF 4 0 (0) 2004-2005, 2006-2007
3%
167 Pedrinho DF 31 1 (0) 2011-2015
3%
150 Pelé MF 38 0 (0) 2007-2008, 2009-2010
3%
276 Rafael Camacho MF, FW 1 0 (0) 2018-2019
3%
255 Roderick Miranda DF 3 0 (0) 2012-2013
3%
161 Rúben Micael MF 33 0 (0) 2011-2012
3%
195 Tiago Ilori DF 21 1 (1) 2013-2015
3%
152 Abdu Conté DF, MF 36 1 (3) 2021-2023
1%
221 Afonso Figueiredo DF, MF 10 0 (0) 2016-2018
1%
113 Ariza Makukula FW 66 11 (6) 2002-2004, 2006-2007, 2008-2009
1%
231 Carlitos MF, FW 8 0 (0) 2010-2012
1%
196 Carlos Chaínho MF 20 1 (0) 2001-2002
1%
212 Crespo MF, FW 15 0 (0) 2023-2024
1%
158 Delfim MF 33 0 (1) 2001-2002, 2005-2006
1%
237 Dimas DF 6 0 (0) 2001-2002
1%
122 Diogo Figueiras DF, MF 59 3 (3) 2013-2016
1%
197 Diogo Salomão MF, FW 20 3 (0) 2012-2013, 2014-2015
1%
205 Edinho MF, FW 18 2 (0) 2009-2011
1%
209 Gaspar Azevedo DF 17 0 (0) 2004-2005
1%
123 Hélder Baptista MF 59 1 (1) 2000-2003
1%
259 Hilário Leal DF 2 0 (0) 2000-2001
1%
131 Hugo Leal MF 53 1 (1) 2001-2004
1%
201 José Calado MF 20 1 (0) 2001-2003
1%
91 Litos DF 89 6 (0) 2001-2006
1%
66 Luisinho DF 123 1 (4) 2014-2018, 2020-2021
1%
128 Pedro Rebocho DF 57 0 (10) 2017-2019
1%
172 Ricardo Esteves DF, MF 29 2 (1) 2004-2005, 2006-2007
1%
239 Rui Sampaio MF 6 0 (0) 2011-2012
1%
256 Tiago Fonseca Morais MF, FW 3 0 (0) 2023-2024
1%
157 Agostinho MF 33 4 (6) 2000-2002
0%
227 Bruno China DF, MF 9 0 (0) 2009-2010
0%
189 Bruno Pereirinha DF, MF 22 0 (1) 2012-2015
0%
182 Daniel Bandeira MF 25 0 (0) 2023-2025
0%
219 Daniel Candeias MF, FW 11 0 (1) 2014-2015
0%
258 Fábio Espinho MF, FW 2 0 (0) 2015-2016
0%
223 Fábio Felício MF, FW 10 0 (0) 2006-2007
0%
170 Hélder Rosário DF 29 1 (0) 2008-2011
0%
127 Henrique Sereno DF 57 1 (0) 2009-2010, 2011-2013
0%
269 Herculano Nabian MF, FW 1 0 (0) 2022-2023
0%
200 Hernâni Fortes MF, FW 20 2 (0) 2019-2020
0%
218 Iuri Medeiros MF, FW 13 2 (1) 2017-2019
0%
134 José Mamede MF 50 1 (3) 2000-2001, 2002-2003, 2004-2006
0%
193 Licá MF, FW 21 0 (3) 2014-2015
0%
273 Mesca MF 1 0 (0) 2013-2014
0%
274 Miguel Areias DF 1 0 (0) 2006-2007
0%
275 Pedro Brazão MF, FW 1 0 (0) 2018-2019
0%
173 Ricardo Mangas DF, MF, FW 29 3 (1) 2021-2022
0%
147 Rui Pataca FW 42 10 (4) 2001-2004
0%
207 Salvador Agra DF, MF, FW 18 1 (2) 2012-2013
0%
230 Silas MF 9 0 (0) 2003-2004
0%
179 Sílvio DF 27 2 (0) 2011-2013
0%
279 Vasco Faísca DF 1 0 (0) 2000-2001
0%
249 Wilson Manafá DF, FW 4 0 (0) 2023-2024
0%
No matching quizzes found
Score Distribution
Percent of People with Each Score
Percentile by Number Answered
Your Score History
You have not taken this quiz